[Event "Enschede op-A U18"]
[Site "Enschede"]
[Date "2009.08.04"]
[Round "2"]
[White "Kuijper, Ruben"]
[Black "Sharshov, Wadim"]
[Result "1/2-1/2"]
[WhiteElo "1600"]
[BlackElo "1825"]
[PlyCount "38"]
[EventDate "2009.08.03"]
[EventType "swiss"]
[EventRounds "9"]
[EventCountry "NED"]
[SourceTitle "CBM 132 Extra"]
[Source "ChessBase"]
[SourceDate "2009.11.03"]
[SourceVersion "1"]
[SourceVersionDate "2009.11.03"]
[SourceQuality "1"]

1. d4 Nf6 2. c4 g6 3. Nc3 Bg7 4. e4 d6 5. Nf3 0-0 6. Be2 Nbd7 7. 0-0 c5 8. d5 Ne8 9. Qc2 Ne5 10. Nxe5 Bxe5 11. Be3 f5 12. exf5 Bxf5 13. Bd3 Ng7 14. Rae1 e6 15. Bxf5 Rxf5 16. f4 Bxc3 17. Qxc3 exd5 18. cxd5 b6 19. Bc1 Qf6 1/2-1/2